000
00345nam a2200157Ia 4500
003
Ost
005
20260225132541.0
008
260225s9999||||xx |||||||||||||| ||und||
040
_c
fsic
041
_a
fre
082
_a
331.2
100
_a
Alain Gélédan
_e
Auteur
245
0
_a
Les syndicats /
245
0
_c
Alain Gélédan
942
_c
كتاب
999
_c
33545
_d
33545